Invitación a la fé (Record no. 24865)

MARC details
000 -LEADER
campo de control de longitud fija 00612nam a2200181 i 4500
001 - NÚMERO DE CONTROL
campo de control 24865
003 - IDENTIFICADOR DE NÚMERO DE CONTROL
campo de control ES-MaACL
005 - FECHA Y HORA DE LA ÚLTIMA TRANSACCIÓN
campo de control 20250828080357.0
007 - CAMPO FIJO DE DESCRIPCIÓN FÍSICA--INFORMACIÓN GENERAL
campo de control de longitud fija t|
008 - DATOS DE LONGITUD FIJA--INFORMACIÓN GENERAL
campo de control de longitud fija 021219s1972 sp ||||1| spa d
100 1# - ENTRADA PRINCIPAL--NOMBRE DE PERSONA
Nombre de persona Aparisi Laporta, Antonio.
9 (RLIN) 22082
245 10 - MENCIÓN DEL TÍTULO
Título Invitación a la fé
Resto del título : constante para una pedagogía catequética /
Mención de responsabilidad, etc. Antonio Aparisi Laporta.
260 ## - PUBLICACIÓN, DISTRIBUCIÓN, ETC.
Lugar de publicación, distribución, etc. Madrid :
Nombre del editor, distribuidor, etc. Instituto Calasanz Ciencias de la Educación,
Fecha de publicación, distribución, etc. 1972.
300 ## - DESCRIPCIÓN FÍSICA
Extensión 214 p. ;
Dimensiones 23 cm.
710 2# - ENTRADA AGREGADA--NOMBRE DE ENTIDAD CORPORATIVA
Nombre de entidad corporativa o nombre de jurisdicción como elemento de entrada Instituto Calasanz de Ciencias de la Educación
9 (RLIN) 4804
852 ## - LOCALIZACIÓN
Ubicación ES-MaACL
Número de control de estantería C-44176
Sublocalización o colección R.81674
Holdings
Estatus retirado Estado de pérdida Estado de daño No para préstamo Biblioteca de origen Biblioteca actual Ubicación en estantería Fecha de adquisición Fuente de adquisición Total de préstamos Signatura topográfica completa Código de barras Visto por última vez Precio de reemplazo Tipo de ítem Koha
        Biblioteca del Ateneo de Madrid Biblioteca del Ateneo de Madrid Depósito 2 17/01/2008     C-44176 1025638 23/02/2023 23/02/2023 Libro impreso